| 000 | 00554nam a2200145Ia 4500 | ||
|---|---|---|---|
| 008 | 140724s9999 xx 000 0 und d | ||
| 050 |
_aBF 698 _b.D664 2013 |
||
| 100 | _aDolina, Ma Consetta Q. | ||
| 245 |
_aCommon stressors and coping mechanism of selected college female students of Southville International School and Colleges / _cMa. Consetta Q. Dolina. |
||
| 260 |
_aLas PiƱas, Philippines : _bSouthville International School and Colleges, _cc2013. |
||
| 300 |
_a79 p. : _bill. ; _c28 cm. |
||
| 521 | _aPsychology | ||
| 942 | _cTH | ||
| 999 |
_c229173 _d229173 |
||